Statistics for Star Trek Voyager Character List

Click here to take the quiz!

General Stats

  • This quiz has been taken 1,376 times
  • The average score is 9 of 10

Answer Stats

Hint Answer % Correct
Captain (Commanding Officer)Kathryn Janeway
99%
No Rank (EMH)The Doctor
90%
Civilian (Astrometrics)7 of 9 Tertiary Adjunct of Unimatrix 001
88%
Lieutenant Commander (Chief Security/Tactical officer)Tuvok
88%
Commander (Executive (First) Officer)Chakotay
88%
Civilian, (Morale officer, later Ambassador for Starfleet in the Delta Quadrant)Neelix
87%
Lieutenant, demoted to Ensign, later promoted to Lieutenant Junior Grade (Chief CONN Officer (Pilot))Tom Paris
86%
Ensign (Chief Operations Officer)Harry Kim
82%
Civilian (Aeroponics gardener, Medical assistant)Kes
78%
Lieutenant Junior Grade (Chief Engineer)B'Elanna Torres
70%

Score Distribution

Percentile by Number Answered

Percent of People with Each Score

Your Score History

You have not taken this quiz